| 000 | 00501nam a2200181Ia 4500 | ||
|---|---|---|---|
| 003 | GCL | ||
| 008 | 140319s9999 xx 000 0 eng d | ||
| 040 |
_aGCL / _cGCL |
||
| 082 | 0 | 4 |
_aCC _b378.06216 _bR C |
| 100 | 1 | _aREID, DONALD MALCOM | |
| 245 | 1 | 0 |
_aCAIRO UNIVERSITY AND THE MAKING OF MODERN EGYPT / _cREID, DONALD MALCOM |
| 260 |
_a[S.N] : _bCAMLRIDGE UNIVERSITY PRESS |
||
| 300 | _a296 | ||
| 650 | 0 | 4 | _aHISTORY |
| 650 | 0 | 4 | _aJAMI AT AL- QAKIRAK |
| 650 | 0 | 4 | _aCAIRO UNIVERSITY |
| 942 |
_2ddc _cBK |
||
| 999 |
_c12879 _d12879 |
||